00748nam a2200205 a 450000100100000000500170001000800410002704000250006808200200009310000370011324500620015026000510021230000200026359000270028365000290031065000310033991000370037095201180040799900170052500002704720240412074252.0110329s1972 dr 000 j spa d aDO-SdBNPbspacBNPHU aRD863.44bH557o1 aHernández Acosta, Angel92924310aOtra vez la noche :bcuentos /cAngel Hernández Acosta. aSanto Domingo :bImpresora Arte y Cine,c1972. a73 P. ;c22 cm. aInventariado, 2020 /LP 0aCuentos dominicanos9176 0aLiteratura dominicana.967 aValidado. Control de calidad MFF 0010718PDaPDbPDcHDd2011-03-29iLF1l0oRD863.44 H557op27047-10r2020-06-25w2020-06-25yLFPDZNo se presta c26539d26539